[Event "First Saturday 2010 julius FM-A"]
[Site "Budapest"]
[Date "2010.07.08"]
[Round "6"]
[White "Kis, Bela"]
[Black "Agu, Uche"]
[Result "0-1"]
[WhiteElo "2087"]
[BlackElo "2029"]
[PlyCount "52"]
[EventDate "2010.07.03"]

1. e4 d6 2. d4 Nd7 3. Nc3 c6 4. f4 e5 5. Nf3 Qc7 6. Bc4 Be7 7. Be3 Ngf6 8. Qd3
b5 9. Bb3 a5 10. a4 b4 11. Qc4 O-O 12. Nd5 Nxd5 13. exd5 c5 14. dxc5 dxc5 15.
d6 Bxd6 16. Ng5 Nb6 17. Qd3 g6 18. O-O-O Be7 19. fxe5 Qxe5 20. Nf3 Qh5 21. Qb5
Rb8 22. Bf4 Rb7 23. Qc6 c4 24. Bxc4 Nxc4 25. Qxc4 b3 26. Rd5 Qg4 0-1

[Event "First Saturday 2010 julius FM-A"]
[Site "Budapest"]
[Date "2010.07.08"]
[Round "6"]
[White "Mayer, Istvan"]
[Black "Szerenyi, Bence"]
[Result "1/2-1/2"]
[WhiteElo "2120"]
[BlackElo "1975"]
[PlyCount "53"]
[EventDate "2010.07.03"]

1. e4 d5 2. exd5 Qxd5 3. Nc3 Qd6 4. d4 Nf6 5. Nf3 a6 6. Bc4 b5 7. Bb3 e6 8. a4
b4 9. Ne2 a5 10. O-O Be7 11. Ng3 c5 12. c3 Bb7 13. Ne5 cxd4 14. cxd4 Nc6 15.
Qf3 Nxd4 16. Qxb7 Rb8 17. Qa7 Nxb3 18. Nc4 Qd8 19. Bf4 Ra8 20. Qb7 Nxa1 21. Nb6
O-O 22. Nxa8 Qxa8 23. Qxe7 Nd5 24. Qh4 Nxf4 25. Qxf4 Nb3 26. Nh5 Qd5 27. Qg4
1/2-1/2

[Event "First Saturday 2010 julius FM-A"]
[Site "Budapest"]
[Date "2010.07.08"]
[Round "6"]
[White "Kalmar, Karoly"]
[Black "Tran, Minh Thang"]
[Result "1-0"]
[WhiteElo "1993"]
[BlackElo "2032"]
[PlyCount "69"]
[EventDate "2010.07.03"]

1. d4 d5 2. Nf3 e6 3. g3 f5 4. Bg2 Bd6 5. O-O Nf6 6. b3 Qe7 7. Bb2 Nbd7 8. c4
c6 9. Qc2 O-O 10. Ne5 Ne4 11. e3 Nxe5 12. dxe5 Bc5 13. Nd2 Bd7 14. Bd4 Bb4 15.
Nb1 Rf7 16. f3 Qg5 17. fxe4 c5 18. Bc3 Qxe3+ 19. Kh1 fxe4 20. Rxf7 Kxf7 21.
Bxb4 cxb4 22. Nd2 Kg8 23. Nf1 Qd4 24. Rd1 Qxe5 25. Bxe4 dxe4 26. Rxd7 Rf8 27.
Qe2 Qf5 28. Kg2 h5 29. Rd4 h4 30. Rxe4 h3+ 31. Kg1 Qc5+ 32. Qe3 Qc6 33. Qd4 b5
34. Ne3 bxc4 35. Qxc4 1-0

[Event "First Saturday 2010 julius FM-A"]
[Site "Budapest"]
[Date "2010.07.08"]
[Round "6"]
[White "Somogyi, Gabor"]
[Black "Gal, Janos"]
[Result "1-0"]
[WhiteElo "1940"]
[BlackElo "1965"]
[PlyCount "129"]
[EventDate "2010.07.03"]

1. e4 Nf6 2. e5 Nd5 3. d4 d6 4. Nf3 dxe5 5. Nxe5 g6 6. Bc4 c6 7. O-O Bg7 8. Nd2
O-O 9. Ndf3 Nd7 10. Nd3 a5 11. a4 N7b6 12. Bb3 Bg4 13. c3 Nc8 14. h3 Bf5 15.
Re1 Qb6 16. Nc5 Qc7 17. Nh4 Nd6 18. Nxf5 Nxf5 19. Qf3 b6 20. Nd3 Rad8 21. Ne5
e6 22. Bxd5 cxd5 23. Bf4 Qc8 24. g4 Nd6 25. Qe3 f6 26. Nd3 Rfe8 27. Bxd6 Rxd6
28. f4 Kf7 29. Qf3 h6 30. Ne5+ Kg8 31. Nxg6 Kh7 32. Qd3 Qc4 33. Ne5+ Qxd3 34.
Nxd3 Kg6 35. Re2 f5 36. Rae1 Bf6 37. Kg2 Bh4 38. Rf1 Bf6 39. Rfe1 h5 40. g5 Bg7
41. Rb1 Rc8 42. Rbe1 Kf7 43. Kf3 Rc4 44. Ra1 Rd8 45. Ra3 Rd6 46. Ne5+ Bxe5 47.
Rxe5 h4 48. Re3 Rcc6 49. Ke2 Rc8 50. Kd2 Rdc6 51. Ra1 Rb8 52. Ree1 Rbc8 53.
Rec1 Ke7 54. Rc2 Rb8 55. b3 Rd8 56. Rb1 Kd6 57. Kd3 Ra8 58. Rbc1 Rb8 59. c4
dxc4+ 60. Rxc4 Rxc4 61. bxc4 Rd8 62. Rb1 Kc6 63. Rb5 Ra8 64. Re5 Re8 65. Rxe6+
1-0

[Event "First Saturday 2010 julius FM-A"]
[Site "Budapest"]
[Date "2010.07.09"]
[Round "7"]
[White "Gal, Janos"]
[Black "Borda, Lajos"]
[Result "1-0"]
[WhiteElo "1965"]
[BlackElo "2085"]
[PlyCount "164"]
[EventDate "2010.07.03"]

1. e4 c5 2. f4 Nc6 3. Nf3 g6 4. c3 d5 5. e5 Bg4 6. h3 Bxf3 7. Qxf3 f6 8. Bb5
Bg7 9. O-O e6 10. exf6 Nxf6 11. Qe3 Qd6 12. f5 gxf5 13. Rxf5 O-O-O 14. Rf1 Rhg8
15. Bd3 Rdf8 16. b3 d4 17. Qe2 Nd5 18. Bc4 Rxf1+ 19. Qxf1 dxc3 20. Nxc3 Nxc3
21. dxc3 Bxc3 22. Bf4 Qe7 23. Rd1 Bd4+ 24. Kh1 Rf8 25. Qf3 Ne5 26. Bg5 Qe8 27.
Bxe6+ Kc7 28. Qd5 Nc6 29. a3 Rf2 30. Bg4 Ne5 31. Qe4 Qg6 32. Bd8+ Kb8 33. Qxg6
hxg6 34. Be6 a6 35. Bb6 Rf6 36. b4 Rxe6 37. bxc5 Nc6 38. Rf1 Bf6 39. g4 Kc8 40.
Rd1 Ne5 41. Re1 Kd7 42. Ba7 Nc6 43. Rd1+ Ke7 44. Rb1 Nd8 45. Bb6 Bd4 46. Bxd8+
Kxd8 47. Rd1 Re4 48. Kg2 Kc7 49. Kf3 Re3+ 50. Kf4 Bxc5 51. Rc1 g5+ 52. Kxg5 Kd6
53. h4 Rxa3 54. Kg6 Rg3 55. Kf5 a5 56. g5 a4 57. g6 Bd4 58. Rc4 Kd5 59. Rxa4 b5
60. Rxd4+ Kxd4 61. h5 Rg1 62. h6 Rf1+ 63. Ke6 Re1+ 64. Kd7 Rh1 65. g7 Rxh6 66.
g8=Q Ra6 67. Qb3 Kc5 68. Qc3+ Kd5 69. Qb4 Ra7+ 70. Kc8 Kc6 71. Qe4+ Kb6 72. Kb8
Ra4 73. Qe6+ Kc5 74. Kb7 Rd4 75. Qb6+ Kc4 76. Qc6+ Kb3 77. Kb6 Rb4 78. Ka5 Ra4+
79. Kxb5 Rb4+ 80. Ka5 Rb8 81. Qd5+ Kc2 82. Qe4+ Kb3 1-0

[Event "First Saturday 2010 julius FM-A"]
[Site "Budapest"]
[Date "2010.07.09"]
[Round "7"]
[White "Tran, Minh Thang"]
[Black "Somogyi, Gabor"]
[Result "0-1"]
[WhiteElo "2032"]
[BlackElo "1940"]
[PlyCount "50"]
[EventDate "2010.07.03"]

1. d4 Nf6 2. Bf4 d5 3. e3 e6 4. Nd2 c5 5. c3 Nc6 6. Bd3 Bd6 7. Bxd6 Qxd6 8. f4
cxd4 9. cxd4 Bd7 10. a3 Ne7 11. Ngf3 Bc6 12. Ne5 Nd7 13. O-O f5 14. Qh5+ g6 15.
Qh6 Nxe5 16. fxe5 Qd7 17. b4 Bb5 18. Bxb5 Qxb5 19. Rac1 Kd7 20. Qg7 Rhg8 21.
Rc7+ Kxc7 22. Qxe7+ Kb6 23. a4 Rae8 24. Qd6+ Qc6 25. a5+ Kb5 0-1

[Event "First Saturday 2010 julius FM-A"]
[Site "Budapest"]
[Date "2010.07.09"]
[Round "7"]
[White "Szerenyi, Bence"]
[Black "Kalmar, Karoly"]
[Result "0-1"]
[WhiteElo "1975"]
[BlackElo "1993"]
[PlyCount "84"]
[EventDate "2010.07.03"]

1. e4 c6 2. Nc3 d5 3. Nf3 dxe4 4. Nxe4 Bg4 5. Ng3 Nf6 6. h3 Bxf3 7. Qxf3 e6 8.
c3 Qc7 9. d4 Nbd7 10. Bd3 h6 11. O-O Bd6 12. Ne4 Nxe4 13. Bxe4 Nf6 14. Bc2 O-O
15. Qd3 Bf4 16. Bxf4 Qxf4 17. Rfe1 Rad8 18. Re3 Rfe8 19. Rae1 h5 20. Re5 Qh6
21. Bb3 Nd7 22. R5e3 Nb6 23. Qe2 Nd5 24. Re5 g6 25. g3 h4 26. Kg2 Rd6 27. Qg4
hxg3 28. fxg3 Red8 29. Qf3 Kg7 30. h4 b6 31. Rf1 R8d7 32. c4 Nc7 33. d5 exd5
34. cxd5 Nxd5 35. Bxd5 cxd5 36. h5 Qd2+ 37. Re2 Qg5 38. hxg6 Rxg6 39. Rfe1 Rf6
40. Qc3 d4 41. Qd3 Qd5+ 42. Kg1 Rf3 0-1

[Event "First Saturday 2010 julius FM-A"]
[Site "Budapest"]
[Date "2010.07.09"]
[Round "7"]
[White "Agu, Uche"]
[Black "Mayer, Istvan"]
[Result "1-0"]
[WhiteElo "2029"]
[BlackElo "2120"]
[PlyCount "73"]
[EventDate "2010.07.03"]

1. e4 e6 2. d3 d5 3. Nd2 Bc5 4. Ngf3 Bb6 5. g3 dxe4 6. dxe4 Nc6 7. c3 Nf6 8.
Be2 Ng4 9. O-O Nge5 10. Qc2 Qe7 11. b4 Qf6 12. b5 Nxf3+ 13. Nxf3 Ne5 14. Nxe5
Qxe5 15. a4 Ba5 16. c4 Qxa1 17. Bb2 Qxf1+ 18. Bxf1 O-O 19. Bd4 Rd8 20. Be3 e5
21. h3 Be6 22. c5 c6 23. bxc6 bxc6 24. Kg2 Rab8 25. Bc4 Bc8 26. Qa2 Rd7 27. Qa1
Bc7 28. Qc3 a5 29. f4 exf4 30. gxf4 Rd1 31. f5 Rdb1 32. Bd4 R8b2+ 33. Bf2 Bd8
34. Qe5 Kf8 35. Qd6+ Be7 36. Qc7 Bb7 37. Qb8+ 1-0

[Event "First Saturday 2010 julius FM-A"]
[Site "Budapest"]
[Date "2010.07.09"]
[Round "7"]
[White "Zala, Gyula"]
[Black "Kis, Bela"]
[Result "0-1"]
[WhiteElo "2067"]
[BlackElo "2087"]
[PlyCount "80"]
[EventDate "2010.07.03"]

1. e4 e5 2. Be2 Nf6 3. d3 Nc6 4. c3 d5 5. Nd2 a5 6. h3 Bc5 7. Qc2 b6 8. Rh2 Bb7
9. Nf1 Ne7 10. Ng3 Ng6 11. Bf3 O-O 12. N1e2 Nh4 13. Bg5 Nxf3+ 14. gxf3 h6 15.
Be3 Bxe3 16. fxe3 g6 17. O-O-O Qe7 18. h4 h5 19. Rg2 Kh8 20. Ng1 dxe4 21. dxe4
Qc5 22. Nf1 Ba6 23. Ne2 Rad8 24. Rg5 Bc4 25. f4 Ng4 26. Nd4 Bxf1 27. Rxf1 Nxe3
28. Qe2 Nxf1 29. Rxh5+ Kg8 30. Rxe5 Ng3 31. Qg4 Qd6 32. Qxg3 c5 33. Rd5 Qc7 34.
Nf3 Rxd5 35. exd5 Qd6 36. c4 Kg7 37. Ne5 Rh8 38. Kc2 Qf6 39. Qg5 Rxh4 40. d6
Rh2+ 0-1

[Event "First Saturday 2010 julius FM-A"]
[Site "Budapest"]
[Date "2010.07.09"]
[Round "7"]
[White "Koczo, Kristof"]
[Black "Gruz, Janos"]
[Result "1-0"]
[WhiteElo "2198"]
[BlackElo "1933"]
[PlyCount "51"]
[EventDate "2010.07.03"]

1. d4 d5 2. Bf4 e6 3. e3 Bd6 4. Bxd6 Qxd6 5. c4 dxc4 6. Nc3 Qb4 7. Rb1 Nf6 8.
a3 Qa5 9. Bxc4 c6 10. b4 Qc7 11. Nf3 Nbd7 12. O-O O-O 13. Qb3 Nb6 14. Bd3 Nbd5
15. Rfc1 Nxc3 16. Rxc3 Qe7 17. Rbc1 Bd7 18. e4 Rfd8 19. Bb1 g6 20. Ne5 Be8 21.
Rd1 Nd7 22. f4 f6 23. Ng4 Kg7 24. Rg3 Bf7 25. Qe3 f5 26. exf5 1-0

[Event "First Saturday 2010 julius FM-A"]
[Site "Budapest"]
[Date "2010.07.10"]
[Round "8"]
[White "Borda, Lajos"]
[Black "Gruz, Janos"]
[Result "1-0"]
[WhiteElo "2085"]
[BlackElo "1933"]
[PlyCount "43"]
[EventDate "2010.07.03"]

1. e4 c5 2. c3 d5 3. exd5 Qxd5 4. d4 e6 5. Nf3 Nc6 6. Na3 a6 7. Nc2 Nf6 8. Be3
cxd4 9. Nfxd4 Be7 10. c4 Qd7 11. Bd3 O-O 12. Nxc6 Qxc6 13. Qe2 e5 14. f3 Be6
15. O-O Rac8 16. b3 Rfd8 17. Rfd1 Qc7 18. Qf2 Bc5 19. Bxc5 Rxd3 20. Rxd3 Qxc5
21. Qxc5 Rxc5 22. Rd8+ 1-0

[Event "First Saturday 2010 julius FM-A"]
[Site "Budapest"]
[Date "2010.07.10"]
[Round "8"]
[White "Kis, Bela"]
[Black "Koczo, Kristof"]
[Result "0-1"]
[WhiteElo "2087"]
[BlackElo "2198"]
[PlyCount "92"]
[EventDate "2010.07.03"]

1. e4 c5 2. d4 cxd4 3. c3 Nf6 4. e5 Nd5 5. Bc4 Qc7 6. Qe2 Nb6 7. Bb3 Nc6 8. Nf3
e6 9. O-O Bc5 10. Rd1 a5 11. a4 Nd5 12. cxd4 Nxd4 13. Nxd4 Bxd4 14. Na3 Qxe5
15. Qxe5 Bxe5 16. Bxd5 exd5 17. Re1 d6 18. f4 f6 19. Nb5 Kd7 20. Rd1 d4 21. Bd2
Ra6 22. Rac1 Rc6 23. fxe5 dxe5 24. Bxa5 Ra6 25. Rc7+ Ke6 26. Bb4 Rxa4 27. Re7+
Kf5 28. Nd6+ Kg6 29. Bd2 Bg4 30. Rc1 Rd8 31. Rcc7 Rxd6 32. h3 Rd7 33. hxg4 Rxc7
34. Rxc7 e4 35. Kf1 e3 36. Bc1 b5 37. b3 Ra2 38. Rd7 Ra1 39. Ke2 Rxc1 40. Rxd4
Kg5 41. Kf3 Rc5 42. Rb4 Re5 43. Ke2 Kh4 44. Rd4 g5 45. Rd6 Kxg4 46. Rxf6 h5 0-1

[Event "First Saturday 2010 julius FM-A"]
[Site "Budapest"]
[Date "2010.07.10"]
[Round "8"]
[White "Mayer, Istvan"]
[Black "Zala, Gyula"]
[Result "1-0"]
[WhiteElo "2120"]
[BlackElo "2067"]
[PlyCount "67"]
[EventDate "2010.07.03"]

1. e4 e5 2. Bc4 d5 3. Bxd5 Nf6 4. Nc3 Nxd5 5. Nxd5 Nc6 6. c3 f5 7. d3 Bd6 8.
Qh5+ g6 9. Qg5 O-O 10. Qxd8 Nxd8 11. Bg5 Ne6 12. Be7 Rf7 13. Bxd6 cxd6 14. f3
Nc7 15. Nxc7 Rxc7 16. Ne2 Be6 17. O-O d5 18. exd5 Bxd5 19. Rfe1 Re8 20. c4 Bf7
21. Nc3 Rd7 22. Rad1 Kg7 23. Kf2 Kf6 24. d4 Rxd4 25. Rxd4 exd4 26. Nd5+ Kg7 27.
Rxe8 Bxe8 28. Ke2 b5 29. b3 bxc4 30. bxc4 f4 31. Kd3 h5 32. Kxd4 h4 33. Ke5 h3
34. Nxf4 1-0

[Event "First Saturday 2010 julius FM-A"]
[Site "Budapest"]
[Date "2010.07.10"]
[Round "8"]
[White "Kalmar, Karoly"]
[Black "Agu, Uche"]
[Result "1/2-1/2"]
[WhiteElo "1993"]
[BlackElo "2029"]
[PlyCount "77"]
[EventDate "2010.07.03"]

1. d4 d6 2. c4 Nd7 3. Nc3 c6 4. e4 e5 5. Nf3 Ngf6 6. Be2 Be7 7. O-O O-O 8. Qc2
Re8 9. d5 Nf8 10. Ne1 Ng6 11. Nd3 cxd5 12. cxd5 Bd7 13. Be3 Qa5 14. Qb3 b5 15.
f3 Nh5 16. a3 Rec8 17. Rfc1 Qd8 18. Qd1 Bg5 19. Qd2 Bxe3+ 20. Qxe3 a6 21. g3
Nf6 22. Nd1 Be8 23. Kg2 Nd7 24. N1f2 Nb6 25. b3 a5 26. Nb2 Rab8 27. Qd2 Ra8 28.
Qe3 Bd7 29. Qd2 h6 30. Kg1 Ne7 31. Kg2 f5 32. Kh1 Ng6 33. exf5 Bxf5 34. Bxb5
Qf6 35. Bc6 Rab8 36. Rc3 Ne7 37. Rac1 Rf8 38. Ne4 Bxe4 39. fxe4 1/2-1/2

[Event "First Saturday 2010 julius FM-A"]
[Site "Budapest"]
[Date "2010.07.10"]
[Round "8"]
[White "Somogyi, Gabor"]
[Black "Szerenyi, Bence"]
[Result "1/2-1/2"]
[WhiteElo "1940"]
[BlackElo "1975"]
[PlyCount "39"]
[EventDate "2010.07.03"]

1. e4 c5 2. Nf3 Nf6 3. e5 Nd5 4. Nc3 Nxc3 5. dxc3 d5 6. exd6 Qxd6 7. Qxd6 exd6
8. Bf4 d5 9. O-O-O Be6 10. Bb5+ Nc6 11. Rhe1 Be7 12. Ng5 O-O 13. Nxe6 fxe6 14.
Bg3 Bg5+ 15. Kb1 Rf6 16. Re2 a6 17. Bxc6 bxc6 18. Bd6 c4 19. Be7 Rg6 20. Bxg5
1/2-1/2

[Event "First Saturday 2010 julius FM-A"]
[Site "Budapest"]
[Date "2010.07.10"]
[Round "8"]
[White "Gal, Janos"]
[Black "Tran, Minh Thang"]
[Result "1-0"]
[WhiteElo "1965"]
[BlackElo "2032"]
[PlyCount "51"]
[EventDate "2010.07.03"]

1. e4 c5 2. f4 g6 3. Nf3 Bg7 4. c3 Nc6 5. Bb5 a6 6. Bxc6 bxc6 7. O-O d5 8. e5
Nh6 9. d3 Qb6 10. c4 O-O 11. Nc3 Rd8 12. Na4 Qa7 13. Be3 d4 14. Bd2 a5 15. h3
f6 16. Qe2 Kf7 17. a3 Re8 18. g4 Rb8 19. Qe1 Bd7 20. b4 cxb4 21. axb4 axb4 22.
Bxb4 Qb7 23. Rb1 fxe5 24. fxe5 Kg8 25. Nc5 Qa7 26. Ra1 1-0

[Event "First Saturday 2010 julius FM-A"]
[Site "Budapest"]
[Date "2010.07.11"]
[Round "9"]
[White "Tran, Minh Thang"]
[Black "Borda, Lajos"]
[Result "0-1"]
[WhiteElo "2032"]
[BlackElo "2085"]
[PlyCount "40"]
[EventDate "2010.07.03"]

1. d4 d5 2. Bf4 a6 3. e3 e6 4. Nd2 Nf6 5. Bd3 c5 6. c3 Nc6 7. a3 b6 8. h3 Bd6
9. Bxd6 Qxd6 10. f4 g5 11. fxg5 Qg3+ 12. Kf1 Qxg5 13. Qf3 cxd4 14. cxd4 Nxd4
15. exd4 Qxd2 16. Qxf6 Qxd3+ 17. Ne2 Rg8 18. Rc1 Bd7 19. Qe5 Bb5 20. Rg1 Qd2
0-1

[Event "First Saturday 2010 julius FM-A"]
[Site "Budapest"]
[Date "2010.07.11"]
[Round "9"]
[White "Szerenyi, Bence"]
[Black "Gal, Janos"]
[Result "1-0"]
[WhiteElo "1975"]
[BlackElo "1965"]
[PlyCount "101"]
[EventDate "2010.07.03"]

1. e4 Nf6 2. e5 Nd5 3. d4 d6 4. Nf3 Bg4 5. Be2 Nc6 6. O-O Bxf3 7. Bxf3 dxe5 8.
dxe5 e6 9. Be4 Bc5 10. Kh1 Ndb4 11. a3 Qxd1 12. Rxd1 Nd5 13. c4 Nde7 14. f4 O-O
15. b4 Rad8 16. Rd2 Be3 17. Rxd8 Rxd8 18. Bxe3 Rd1+ 19. Bg1 Nd4 20. Ra2 Re1 21.
Nc3 f6 22. exf6 gxf6 23. Rd2 e5 24. fxe5 fxe5 25. Rd1 Rxd1 26. Nxd1 c6 27. h3
Kg7 28. Bh2 Kf6 29. Bxh7 a5 30. Ne3 axb4 31. axb4 c5 32. b5 Nb3 33. Ng4+ Kg7
34. Bc2 Nd2 35. Nxe5 Nc8 36. Bf4 Kf6 37. Bxd2 Kxe5 38. Bc3+ Kf4 39. h4 Kg4 40.
Be5 Kxh4 41. Bf5 Nb6 42. Be6 Kg5 43. Bd6 Na4 44. Bd5 b6 45. Bc7 Kf5 46. Kh2 Kf6
47. Kh3 Ke7 48. Kg4 Kd7 49. Be5 Ke7 50. Kf5 Kd7 51. g4 1-0

[Event "First Saturday 2010 julius FM-A"]
[Site "Budapest"]
[Date "2010.07.11"]
[Round "9"]
[White "Agu, Uche"]
[Black "Somogyi, Gabor"]
[Result "0-1"]
[WhiteElo "2029"]
[BlackElo "1940"]
[PlyCount "114"]
[EventDate "2010.07.03"]

1. e4 e6 2. d3 d5 3. Nd2 Nf6 4. Ngf3 c5 5. g3 Nc6 6. Bg2 Be7 7. O-O O-O 8. Re1
b6 9. e5 Nd7 10. Nf1 Bb7 11. h4 Qc7 12. Bf4 b5 13. c3 a5 14. N1h2 b4 15. Ng4
Qd8 16. Qd2 a4 17. a3 bxc3 18. bxc3 Na5 19. Ra2 Nb3 20. Qc2 Rc8 21. Nd2 Ba6 22.
c4 Nb6 23. Ne3 dxc4 24. Ndxc4 Nxc4 25. dxc4 Qa5 26. Rf1 Rfd8 27. Qe2 Rd2 28.
Rxd2 Qxd2 29. Qh5 Qc3 30. Be4 g6 31. Qh6 Bf8 32. Qg5 Nd4 33. Qg4 Bxc4 34. h5
Bxf1 35. Kxf1 Nf5 36. Bxf5 exf5 37. Nxf5 Qd3+ 38. Kg2 Qxf5 39. Qd1 Qe4+ 40. Kh2
Qd4 41. Qf3 Qd7 42. h6 c4 43. Qc3 Qd3 44. Qa5 Qd7 45. Qc3 Qe6 46. Kg2 Be7 47.
Kh2 g5 48. Be3 Qxh6+ 49. Kg2 Qc6+ 50. Kf1 Qh1+ 51. Ke2 Qe4 52. Qa5 Bc5 53. Qa6
Ra8 54. Qf6 Bxe3 55. fxe3 Qg4+ 56. Kd2 c3+ 57. Kc1 Qxg3 0-1

[Event "First Saturday 2010 julius FM-A"]
[Site "Budapest"]
[Date "2010.07.11"]
[Round "9"]
[White "Zala, Gyula"]
[Black "Kalmar, Karoly"]
[Result "0-1"]
[WhiteElo "2067"]
[BlackElo "1993"]
[PlyCount "51"]
[EventDate "2010.07.03"]

1. e4 c5 2. a3 e6 3. b4 b6 4. c3 Bb7 5. d3 d6 6. f3 Nf6 7. Ra2 Qc7 8. g3 Nbd7
9. Nh3 Be7 10. Bg2 Rc8 11. O-O O-O 12. g4 d5 13. g5 Nh5 14. f4 g6 15. f5 Bd6
16. Bf3 Bxh2+ 17. Rxh2 dxe4 18. dxe4 Qg3+ 19. Kh1 Ne5 20. Qe2 exf5 21. Nd2 Rfe8
22. Bxh5 Rcd8 23. Nf2 Nd3 24. Nf3 Nxf2+ 25. Rfxf2 Rxe4 26. Qf1 0-1

[Event "First Saturday 2010 julius FM-A"]
[Site "Budapest"]
[Date "2010.07.11"]
[Round "9"]
[White "Koczo, Kristof"]
[Black "Mayer, Istvan"]
[Result "1-0"]
[WhiteElo "2198"]
[BlackElo "2120"]
[PlyCount "69"]
[EventDate "2010.07.03"]

1. d4 Nf6 2. c4 g6 3. Nc3 Bg7 4. e4 d6 5. h3 O-O 6. Bg5 c6 7. Qd2 Qa5 8. Bd3
Re8 9. Nge2 Nbd7 10. Be3 a6 11. f4 Nf8 12. O-O b5 13. b3 Rb8 14. e5 N6d7 15. g4
f6 16. exd6 exd6 17. f5 bxc4 18. bxc4 c5 19. Nd5 Qxd2 20. Bxd2 Rb2 21. Bf4 cxd4
22. Bxd6 gxf5 23. Ne7+ Kh8 24. Nxc8 Rxc8 25. c5 Nxc5 26. Rac1 Rd2 27. Nf4 Ng6
28. Bxf5 Rc6 29. Bxc5 Nxf4 30. Rxf4 Bh6 31. Rff1 Be3+ 32. Kh1 Rxa2 33. Rc4 Ra5
34. Bxd4 Rxc4 35. Bxf6+ 1-0

[Event "First Saturday 2010 julius FM-A"]
[Site "Budapest"]
[Date "2010.07.11"]
[Round "9"]
[White "Gruz, Janos"]
[Black "Kis, Bela"]
[Result "1/2-1/2"]
[WhiteElo "1933"]
[BlackElo "2087"]
[PlyCount "35"]
[EventDate "2010.07.03"]

1. Nf3 d5 2. g3 Nf6 3. Bg2 Bf5 4. O-O e6 5. c4 c6 6. b3 Be7 7. Bb2 Nbd7 8. d3
h6 9. Nbd2 O-O 10. Ne5 Bh7 11. Qc1 Bd6 12. Ndf3 Qb8 13. Nxd7 Nxd7 14. Bh3 f5
15. d4 g5 16. Bg2 b5 17. c5 Bc7 18. Qe3 1/2-1/2

[Event "First Saturday 2010 julius FM-A"]
[Site "Budapest"]
[Date "2010.07.12"]
[Round "10"]
[White "Borda, Lajos"]
[Black "Kis, Bela"]
[Result "1-0"]
[WhiteElo "2085"]
[BlackElo "2087"]
[PlyCount "61"]
[EventDate "2010.07.03"]

1. d4 Nf6 2. c4 c5 3. d5 e6 4. Nc3 exd5 5. cxd5 d6 6. Nf3 g6 7. e3 Bg7 8. Be2
O-O 9. O-O Nbd7 10. Nd2 Ne8 11. e4 Qe7 12. Re1 Nc7 13. a4 Re8 14. Nc4 Ne5 15.
Bf4 Nxc4 16. Bxc4 Be5 17. Qd2 a6 18. Bxe5 Qxe5 19. Rad1 f6 20. f4 Qh5 21. e5
fxe5 22. Ne4 Rf8 23. fxe5 Bg4 24. exd6 b5 25. Be2 Bxe2 26. Rxe2 Ne8 27. d7 Nf6
28. Nxf6+ Rxf6 29. Re8+ Rf8 30. Rde1 Qf5 31. Rxa8 1-0

[Event "First Saturday 2010 julius FM-A"]
[Site "Budapest"]
[Date "2010.07.12"]
[Round "10"]
[White "Mayer, Istvan"]
[Black "Gruz, Janos"]
[Result "1/2-1/2"]
[WhiteElo "2120"]
[BlackElo "1933"]
[PlyCount "46"]
[EventDate "2010.07.03"]

1. e4 c5 2. Nf3 d6 3. Bb5+ Bd7 4. a4 Nf6 5. Nc3 Nc6 6. h3 a6 7. Bc4 e6 8. O-O
Be7 9. d3 O-O 10. Bf4 Qc7 11. Qe1 Ne5 12. Nxe5 dxe5 13. Bd2 Bd6 14. Qe2 Rab8
15. a5 Rfd8 16. Qf3 b5 17. axb6 Qxb6 18. Ne2 Bb5 19. b3 Bxc4 20. dxc4 Qb7 21.
Nc3 Kh8 22. Rfd1 Rbc8 23. Bg5 Be7 1/2-1/2

[Event "First Saturday 2010 julius FM-A"]
[Site "Budapest"]
[Date "2010.07.12"]
[Round "10"]
[White "Kalmar, Karoly"]
[Black "Koczo, Kristof"]
[Result "1/2-1/2"]
[WhiteElo "1993"]
[BlackElo "2198"]
[PlyCount "57"]
[EventDate "2010.07.03"]

1. d4 d5 2. Nf3 Nf6 3. c4 c6 4. e3 Bf5 5. Nc3 e6 6. Bd3 Bxd3 7. Qxd3 Nbd7 8.
O-O Be7 9. e4 dxe4 10. Nxe4 Nxe4 11. Qxe4 Nf6 12. Qe2 O-O 13. Bf4 Qa5 14. Rfd1
Qh5 15. Qe5 Rfd8 16. Qxh5 Nxh5 17. Be3 Nf6 18. h3 h6 19. Rd3 Bd6 20. Rad1 b5
21. b3 bxc4 22. bxc4 Rab8 23. Ne5 Rdc8 24. Rb3 a5 25. Rdb1 Bxe5 26. dxe5 Nd7
27. f4 Rxb3 28. Rxb3 Rb8 29. Kf2 1/2-1/2

[Event "First Saturday 2010 julius FM-A"]
[Site "Budapest"]
[Date "2010.07.12"]
[Round "10"]
[White "Somogyi, Gabor"]
[Black "Zala, Gyula"]
[Result "0-1"]
[WhiteElo "1940"]
[BlackElo "2067"]
[PlyCount "72"]
[EventDate "2010.07.03"]

1. e4 e5 2. Bc4 d5 3. Bxd5 Nf6 4. Nc3 Nxd5 5. Nxd5 c6 6. Nc3 g6 7. Nf3 Bg7 8.
d3 Na6 9. Be3 c5 10. Nd2 O-O 11. O-O f5 12. f4 g5 13. exf5 exf4 14. Bf2 Bxf5
15. Nde4 g4 16. Qd2 Qc7 17. Bh4 Bd4+ 18. Bf2 Be5 19. Rae1 Rad8 20. Bh4 Rd7 21.
a3 c4 22. Kh1 cxd3 23. cxd3 Qc6 24. Bg5 f3 25. gxf3 Bxc3 26. bxc3 gxf3 27. Bh6
Bxe4 28. Rxe4 Qxe4 29. dxe4 Rxd2 30. Bxd2 Nc5 31. Be3 Nxe4 32. Bd4 a6 33. Re1
f2 34. Rf1 Nd2 35. Rxf2 Rxf2 36. Bxf2 Nb1 0-1

[Event "First Saturday 2010 julius FM-A"]
[Site "Budapest"]
[Date "2010.07.12"]
[Round "10"]
[White "Gal, Janos"]
[Black "Agu, Uche"]
[Result "0-1"]
[WhiteElo "1965"]
[BlackElo "2029"]
[PlyCount "127"]
[EventDate "2010.07.03"]

1. e4 d6 2. f4 Nd7 3. Nf3 e5 4. d4 c6 5. fxe5 dxe5 6. Bc4 Be7 7. O-O Ngf6 8.
dxe5 Qb6+ 9. Kh1 Ng4 10. Bxf7+ Kf8 11. Nd4 Ndxe5 12. Ne6+ Bxe6 13. Bxe6+ Nf2+
14. Kg1 Ke8 15. Rxf2 Rf8 16. Qe1 Bc5 17. Bf5 Ng4 18. Kf1 Nxf2 19. b4 Qb5+ 20.
Qe2 Qxb4 21. Ba3 Qd4 22. c3 Qe5 23. Qh5+ Kd8 24. Qh4+ Kc7 25. Bxc5 Qxc5 26.
Qxf2 Qxf2+ 27. Kxf2 g6 28. g4 Rad8 29. Ke3 gxf5 30. Nd2 fxg4 31. Re1 b5 32. a4
a6 33. Ra1 Kb6 34. Rb1 c5 35. Nc4+ Kc7 36. axb5 Rf3+ 37. Ke2 Rxc3 38. b6+ Kb8
39. Ne5 Kb7 40. Nxg4 Rd4 41. Nf2 Rd6 42. e5 Re6 43. Kd2 Rc4 44. Re1 Kxb6 45.
Kd3 Rd4+ 46. Kc3 Rh4 47. Nd3 c4 48. Rb1+ Kc6 49. Nb4+ Kc5 50. Nc2 Rh3+ 51. Kd2
Rxh2+ 52. Kc3 Rh3+ 53. Kd2 Rd3+ 54. Kc1 Rxe5 55. Rb7 Rh3 56. Rc7+ Kb5 57. Nd4+
Kb6 58. Rc6+ Kb7 59. Rxc4 Rh2 60. Nf3 Rh1+ 61. Kd2 Rd5+ 62. Ke2 Kb6 63. Rc8 Rc5
64. Rf8 {after 7 move} 0-1

[Event "First Saturday 2010 julius FM-A"]
[Site "Budapest"]
[Date "2010.07.12"]
[Round "10"]
[White "Tran, Minh Thang"]
[Black "Szerenyi, Bence"]
[Result "1/2-1/2"]
[WhiteElo "2032"]
[BlackElo "1975"]
[PlyCount "111"]
[EventDate "2010.07.03"]

1. d4 d5 2. Bf4 Nf6 3. e3 e6 4. Nd2 c5 5. c3 Nc6 6. Bd3 b6 7. Ngf3 Bd6 8. Ne5
Bxe5 9. dxe5 Nd7 10. Bb5 Ne7 11. c4 a6 12. Ba4 Bb7 13. Qg4 Ng6 14. Rd1 b5 15.
cxb5 O-O 16. bxa6 Ndxe5 17. Bxe5 Nxe5 18. Qe2 Bxa6 19. Bb5 Bxb5 20. Qxb5 Rb8
21. Qa6 Qh4 22. O-O Rxb2 23. Qd6 Nd3 24. Nf3 Qc4 25. Ng5 h6 26. Nf3 Qb5 27. a4
Qb3 28. Ra1 Qc2 29. Ne1 Nxe1 30. Raxe1 Qxa4 31. Qxc5 Qc4 32. Qe7 Rfb8 33. Rc1
R2b7 34. Qd6 Qa2 35. h3 Rb1 36. Qc7 R8b2 37. Qc8+ Kh7 38. Rxb1 Rxb1 39. Qc7
Rxf1+ 40. Kxf1 Qb1+ 41. Ke2 Qf5 42. Qb7 f6 43. Qf7 Qe4 44. Kf1 e5 45. h4 Qd3+
46. Ke1 d4 47. exd4 Qe4+ 48. Kf1 Qb1+ 49. Ke2 exd4 50. Qd5 Qc2+ 51. Ke1 Qd3 52.
g4 Qc3+ 53. Ke2 Qc2+ 54. Ke1 Qc1+ 55. Ke2 Qf4 56. Qf5+ 1/2-1/2

[Event "First Saturday 2010 julius FM-A"]
[Site "Budapest"]
[Date "2010.07.13"]
[Round "11"]
[White "Szerenyi, Bence"]
[Black "Borda, Lajos"]
[Result "1-0"]
[WhiteElo "1975"]
[BlackElo "2085"]
[PlyCount "45"]
[EventDate "2010.07.03"]

1. e4 c5 2. Nf3 a6 3. c4 d6 4. d4 Qc7 5. Nc3 e6 6. Be2 Nf6 7. O-O Be7 8. d5 O-O
9. a4 b6 10. Ne1 e5 11. Nc2 Re8 12. Ne3 Bd8 13. Qc2 Nbd7 14. g3 Nf8 15. Ng2 Bh3
16. Qd1 Qd7 17. f3 h5 18. Rf2 Bxg2 19. Kxg2 Ng6 20. Bd2 a5 21. Rf1 Nh7 22. Qe1
Ng5 23. Kh1 {after 32 move} 1-0